000 00372nam a2200157Ia 4500
008 230718s9999 xx 000 0 und d
041 _aeng
082 _a354.710077
_bVAS
100 _aVaswani J.P.
245 _aData Answer Aue You Have Always Wished To Ask
260 _c2001
_bGita
300 _a365
365 _cRs.
700 _aVaswani J.P.
906 _cARCHIT
999 _c304143
_d304143